00357ntaaa2200145 45000030003000000050017000030080021000200400037000410820017000781000026000952450025001212500039001463000011001856500015001960120251027201602.00714s1973 ag 01  aAR-BaBNbspacAR-BaBNeaacrdRIC a230.0000 P21 aPardington, Georg P.  aEstudios de doctrina a3 ed. : bImprenta Alianza, cn.f. a288 p. aTeología